Gynaecology Illustrated (Record no. 1294)

MARC details
000 -LEADER
fixed length control field 00796pam a2200277 a 4500
001 - CONTROL NUMBER
control field 4414075
003 - CONTROL NUMBER IDENTIFIER
control field OSt
005 - DATE AND TIME OF LATEST TRANSACTION
control field 20161026153415.0
008 - FIXED-LENGTH DATA ELEMENTS--GENERAL INFORMATION
fixed length control field 930428s1993 enka 001 0 eng c
010 ## - LIBRARY OF CONGRESS CONTROL NUMBER
LC control number 93011193
020 ## - INTERNATIONAL STANDARD BOOK NUMBER
International Standard Book Number 0443047995
040 ## - CATALOGING SOURCE
Original cataloging agency DNLM/DLC
Transcribing agency DLC
Modifying agency DLC
050 00 - LIBRARY OF CONGRESS CALL NUMBER
Classification number RG101
Item number .G694 1993
060 00 - NATIONAL LIBRARY OF MEDICINE CALL NUMBER
Classification number WP 100 G721g 1993
082 00 - DEWEY DECIMAL CLASSIFICATION NUMBER
Classification number WP 100 G747g 1993
Edition number 20
100 1# - MAIN ENTRY--PERSONAL NAME
Personal name Govan, Alasdair D. T; Hart, D. McK.; Callander, Robin
9 (RLIN) 3452
245 10 - TITLE STATEMENT
Title Gynaecology Illustrated
250 ## - EDITION STATEMENT
Edition statement 4th ed.
260 ## - PUBLICATION, DISTRIBUTION, ETC. (IMPRINT)
Place of publication, distribution, etc. Edinburgh ;
Name of publisher, distributor, etc. Churchill Livinstone,
Date of publication, distribution, etc. 1993.
300 ## - PHYSICAL DESCRIPTION
Extent v, 502 p. :
Other physical details col.ill. ;
Dimensions 25 cm.
504 ## - BIBLIOGRAPHY, ETC. NOTE
Bibliography, etc Includes index.
650 #0 - SUBJECT ADDED ENTRY--TOPICAL TERM
Topical term or geographic name as entry element Gynecology.
9 (RLIN) 1956
650 #0 - SUBJECT ADDED ENTRY--TOPICAL TERM
Topical term or geographic name as entry element Gaecology
9 (RLIN) 11251
906 ## - LOCAL DATA ELEMENT F, LDF (RLIN)
a 7
b cbc
c orignew
d 1
e ocip
f 19
g y-gencatlg
942 ## - ADDED ENTRY ELEMENTS (KOHA)
Source of classification or shelving scheme Other/Generic Classification Scheme
Koha item type Short Loan
Holdings
Withdrawn status Lost status Source of classification or shelving scheme Damaged status Not for loan Home library Current library Date acquired Source of acquisition Inventory number Total Checkouts Full call number Barcode Date last seen Koha item type
    Other/Generic Classification Scheme     MUST Main Library MUST Main Library 27/03/2015   1994/7247   WP 100 G747g 1993 2015-0707 27/03/2015 Short Loan
    Other/Generic Classification Scheme     MUST Main Library MUST Main Library 27/03/2015   1994/7246   WP 100 G747g 1993 2015-0708 27/03/2015 Short Loan